Southville International School and Colleges
Your cart is empty.
  • Cart
  • Lists
    Public lists Eva Luna New books Lux_list list_1
    Your lists Log in to create your own lists
  • Log in to your account
  • Your cookies
  • Search history
Southville International School and Colleges
  • Advanced search
  • Recent comments
  • Most popular
  • Libraries

Log in to your account

Log in with GOOGLE


If you do not have an external account, but do have a local account, you can still log in:

  1. Home
  2. MARC view: Modern systems analysis and design /
Normal view MARC view ISBD view

Modern systems analysis and design / (Record no. 21076)

[ view plain ]
MARC details
000 -LEADER
fixed length control field 00661nam a2200241 a 4500
005 - DATE AND TIME OF LATEST TRANSACTION
control field 20140310183306.0
008 - FIXED-LENGTH DATA ELEMENTS--GENERAL INFORMATION
fixed length control field 050802s19uu xx 00 eng d
020 ## - INTERNATIONAL STANDARD BOOK NUMBER
International Standard Book Number 0130423637
050 ## - LIBRARY OF CONGRESS CALL NUMBER
Classification number QA 76.9.S88
Item number .H6197 2004
100 ## - MAIN ENTRY--PERSONAL NAME
Personal name Hoffer, Jeffrey A.
245 ## - TITLE STATEMENT
Title Modern systems analysis and design /
Statement of responsibility, etc Jeffrey A. Hoffer
250 ## - EDITION STATEMENT
Edition statement 3rd ed.
260 ## - PUBLICATION, DISTRIBUTION, ETC. (IMPRINT)
Place of publication, distribution, etc Singapore :
Name of publisher, distributor, etc Pearson Eucation Asia,
Date of publication, distribution, etc 2004.
300 ## - PHYSICAL DESCRIPTION
Extent 733 p. :
Other physical details ill. ;
Dimensions 26 cm.
521 ## - TARGET AUDIENCE NOTE
Target audience note
650 ## - SUBJECT ADDED ENTRY--TOPICAL TERM
Topical term or geographic name as entry element System design.
650 ## - SUBJECT ADDED ENTRY--TOPICAL TERM
Topical term or geographic name as entry element System analysis.
700 ## - ADDED ENTRY--PERSONAL NAME
Personal name George, Joey F.
700 ## - ADDED ENTRY--PERSONAL NAME
Personal name Valacich, Joseph S.
942 ## - ADDED ENTRY ELEMENTS (KOHA)
Koha item type Books
Source of classification or shelving scheme Library of Congress Classification
Call number prefix Foreign
Holdings
Withdrawn status Lost status Source of classification or shelving scheme Damaged status Home library Current library Shelving location Date acquired Source of acquisition Cost, normal purchase price Total Checkouts Full call number Barcode Date last seen Copy number Price effective from Koha item type
    Library of Congress Classification   College Library College Library General Circulation Section 06/20/2012   598.00   QA 76.9.S88 .H6197 2004 C14914 05/15/2018 1 10/10/2013 Books
    Library of Congress Classification   College Library College Library General Circulation Section 12/16/2013       QA 76.9.S88 .H6197 2004 C6107 05/15/2018 2 12/16/2013 Books

Modern systems analysis and design /

APA

Hoffer J. A., George J. F. & Valacich J. S. (2004). Modern systems analysis and design. Singapore: Pearson Eucation Asia.

Chicago

Hoffer Jeffrey A, George Joey F and Valacich Joseph S. 2004. Modern systems analysis and design. Singapore: Pearson Eucation Asia.

Harvard

Hoffer J. A., George J. F. and Valacich J. S. (2004). Modern systems analysis and design. Singapore: Pearson Eucation Asia.

MLA

Hoffer Jeffrey A, George Joey F and Valacich Joseph S. Modern systems analysis and design. Singapore: Pearson Eucation Asia. 2004.

  • Place hold
  • Print
  • Cite
  • Add to your cart (remove)
  • Save record
    BIBTEX Dublin Core MARCXML MARC (non-Unicode/MARC-8) MARC (Unicode/UTF-8) MARC (Unicode/UTF-8, Standard) MODS (XML) RIS
  • More searches
    Search for this title in:
    Other Libraries (WorldCat) Other Databases (Google Scholar) Online Stores (Bookfinder.com) Open Library (openlibrary.org)

Exporting to Dublin Core...

SOUTHVILLE LIBRARY

Southville International School and Colleges Library

1281 Tropical Ave. Cor. Luxembourg St., BF Homes International, Las Pinas City

Tel. No. 8256374 / 252358 Loc. 117/146

Powered by Koha